000 00246 a2200097 4500
000 nam a22 7a 4500
005 20260302121211.0
100 _aBanerjee, Abhijit
_91111375
245 _aChhaunk On Food, Economics And Society
942 _cTEXL
999 _c1688373
_d1688373